[Event "Belaya Kalitva"]
[Site "Belaya Kalitva"]
[Date "2007.10.19"]
[Round "6.31"]
[White "Chumanenko, Igor"]
[Black "Prokhoda, Nikola"]
[Result "1/2-1/2"]
[WhiteElo "2265"]
[BlackElo "2280"]
[PlyCount "37"]
[EventDate "2007.10.16"]
[EventType "tourn"]
[EventRounds "11"]
[EventCountry "RUS"]
[SourceTitle "EXT 2022"]
[Source "ChessBase"]
[SourceDate "2021.10.06"]
[SourceVersion "1"]
[SourceVersionDate "2021.10.06"]
[SourceQuality "1"]

1. d4 d5 2. c4 c6 3. cxd5 cxd5 4. Nf3 Nf6 5. Nc3 Nc6 6. Bf4 Bf5 7. e3 e6 8. Bb5 Nd7 9. Qa4 Rc8 10. 0-0 Be7 11. Ne5 Ndxe5 12. Bxe5 a6 13. Be2 Bf6 14. Bxf6 Qxf6 15. Rfc1 0-0 16. b4 Ne7 17. Qd1 Rc6 18. Bd3 Bxd3 19. Qxd3 1/2-1/2